00522nam a22001697a 450000500170000001000150001702000110003203500140004303700130005708200150007010000190008524500820010426000350018627000660022130000250028750000400031220170816124127.0 aENG-119695 c990.00 aEN-103227 bDBAD/PUB a309.173092 aReddy, V. Rami aFoundations ohf physical anthropology and human evolution /cby V. Rami Reddy aTirupati (AP)bV. Indirac2012 a8-30, (Opp.) Vidyanagar, SVUNT Colony,bTirupati (AP)e517502 aiv,380p. c26cm(pbk) aIncludes bibliographical references